| 000 | 00723cam a2200217 4500500 | ||
|---|---|---|---|
| 005 | 20251012015649.0 | ||
| 041 | _afre | ||
| 042 | _adc | ||
| 100 | 1 | 0 |
_aKpadonou, G. T. _eauthor |
| 700 | 1 | 0 |
_a Fiossi-Kpadonou, E. _eauthor |
| 700 | 1 | 0 |
_a Alagnidé, E. _eauthor |
| 700 | 1 | 0 |
_a Djidonou, A. _eauthor |
| 700 | 1 | 0 |
_a Niama, D. _eauthor |
| 700 | 1 | 0 |
_a Amanzonwé, R. _eauthor |
| 700 | 1 | 0 |
_a Masquelier, E. _eauthor |
| 245 | 0 | 0 | _aReprésentations socioculturelles de la douleur au Bénin |
| 260 | _c2012. | ||
| 500 | _a25 | ||
| 786 | 0 | _nDouleur et analgésie | 25 | 4 | 2012-12-01 | p. 193-199 | 1011-288X | |
| 856 | 4 | 1 | _uhttps://shs.cairn.info/revue-douleur-et-analgesie-2012-4-page-193?lang=fr&redirect-ssocas=7080 |
| 999 |
_c1532867 _d1532867 |
||